00856nam a2200241 a 450000500170000000800410001704000250005804100080008304400070009110000350009824502330013326000270036630000110039365000100040465000260041465000100044065000260045070000250047670000250050170000320052670000250055870000310058320200104041541.0140312b2000 ck ||||| |||| 00| 0 spa d aCO-BoIAVHcCO-BoIAVH aspa ack aPeña Bohórquez, Luz Marina 0aPlan de manejo y ordenamiento ambiental participativo para la microcuenca del río Fusavita, parte alta (desde su nacimiento hasta la confluencia con la quebrada la Hundida) en los municipios de Chinavita y Ramiriqui (Boyacá) aBogotá?c2000?bs.e. a152 p. 6aFlora 6aEducación Ambiental 6aFauna 6aDesarrollo sostenible aDíaz Torres, Angel aRodríguez, Yolanda aBravo Niño, Oscar Armando aGalvis Rueda, Manuel aBravo Niño, Claudia Lily